Statistics for Marsupials

Click here to take the quiz!

General Stats

  • This quiz has been taken 61 times
  • The average score is 5 of 8

Answer Stats

HintAnswer% Correct
An animal that hopsKangaroo
98%
In TasmaniaTasmanian devil
90%
SleepyKoala
83%
Plays deadOpossum
67%
Lives undergroundWombat
67%
Sort of like the aboveWallaby
56%
Eats antsNumbat
33%
Has long earsBilby
21%

Score Distribution

Percentile by Number Answered

Percent of People with Each Score

Your Score History

You have not taken this quiz